5-Letter Capitals on a Map Quiz Stats

Quiz Updated Feb 15, 2016

Challenge
Share
Tweet
Score 0/21 Timer 06:00
2 Plays Today
% Correct
Paris
93%
Tokyo
92.2%
Cairo
91.3%
Seoul
88.6%
Tunis
81.9%
Quito
79.3%
La Paz
73.9%
Hanoi
73.1%
Kabul
71.7%
Rabat
70.9%
Minsk
70.2%
% Correct
Sofia
64.4%
Amman
60.4%
Sana'a
58.7%
Dhaka
58.5%
Accra
55.2%
Vaduz
54.2%
Dakar
53%
Abuja
48.5%
Praia
39%
Yaren
26.6%

You're not logged in!

Compare scores with friends on all Sporcle quizzes.
Sign Up with Email
OR
Log In

You Might Also Like...

Show Comments

Extras

Top Quizzes Today


Score Distribution

Your Account Isn't Verified!

In order to create a playlist on Sporcle, you need to verify the email address you used during registration. Go to your Sporcle Settings to finish the process.